Time Study Manual for the Textile Industry (Record no. 2288)

MARC details
000 -LEADER
fixed length control field 00335nam a2200133Ia 4500
008 - FIXED-LENGTH DATA ELEMENTS--GENERAL INFORMATION
fixed length control field 191201s2019 xx 000 0 und d
082 ## - DEWEY DECIMAL CLASSIFICATION NUMBER
Classification number 677.01
Item number ENT
100 ## - MAIN ENTRY--PERSONAL NAME
Personal name ENRICK, Norbert
245 #0 - TITLE STATEMENT
Title Time Study Manual for the Textile Industry
260 ## - PUBLICATION, DISTRIBUTION, ETC. (IMPRINT)
Place of publication, distribution, etc N.Delhi
Name of publisher, distributor, etc WILEY EASTERN
300 ## - PHYSICAL DESCRIPTION
Extent 216
650 ## - SUBJECT ADDED ENTRY--TOPICAL TERM
Topical term or geographic name as entry element B.Tech(TE)
942 ## - ADDED ENTRY ELEMENTS (KOHA)
Source of classification or shelving scheme Dewey Decimal Classification
Koha item type Text Books
Holdings
Withdrawn status Lost status Source of classification or shelving scheme Damaged status Not for loan Collection code Home library Current library Date acquired Source of acquisition Cost, normal purchase price Bill Number Total Checkouts Full call number Acc. no. / Barcode Date last seen Bill Date Koha item type
    Dewey Decimal Classification     B.Tech(TE) PIET C-LIBRARY PIET C-LIBRARY 26/08/2006 Abhishek Publications 12.00 8030   677.01 ENT 4776 04/12/2019 27/02/2006 Text Books
    Dewey Decimal Classification     B.Tech(TE) PIET C-LIBRARY PIET C-LIBRARY 26/08/2006 Abhishek Publications 12.00 8030   677.01 ENT 4777 04/12/2019 27/02/2006 Text Books
    Dewey Decimal Classification     B.Tech(TE) PIET C-LIBRARY PIET C-LIBRARY 26/08/2006 Abhishek Publications 12.00 8030   677.01 ENT 4778 04/12/2019 27/02/2006 Text Books

Design & Developed by: PIET Central Library
R70 Miles Stone Pattikalyana Samalkha Panipat 132102
mail ID :- [email protected], Phone No:- 0180-2569700 Ex.216